La Direcció dels actors : diccionari mínim / Jaume Melendres ; pròleg de Joan Abellan diccionari mínim / Jaume Melendres ; pròleg de Joan Abellan
Descripción Física:
144 p. ; 21 cm
Otros Autores:
Abellán, Joan, 1946-
Materias:
Teatre -- Diccionaris
MARC
| LEADER | 00000nam a2200000Ia 4500 | ||
|---|---|---|---|
| 001 | 12709 | ||
| 008 | 160829s2000 xx 000 0 cat d | ||
| 080 | |a B-1-205 | ||
| 100 | |a Melendres, Jaume, |d 1941-2009 |9 25255 | ||
| 245 | |a La Direcció dels actors : |b diccionari mínim / Jaume Melendres ; pròleg de Joan Abellan | ||
| 260 | |a Barcelona : |b Institut del Teatre. Diputació de Barcelona, |c 2000 | ||
| 300 | |a 144 p. ; |c 21 cm | ||
| 490 | |a Escrits teòrics / director de la col·lecció : Jaume Melendres ; 9 | ||
| 650 | |a Teatre |x Diccionaris |9 26236 | ||
| 700 | 1 | |a Abellán, Joan, |d 1946- |e autor del pròleg |9 30606 | |
| 710 | 1 | |a Institut del Teatre (Barcelona, Catalunya) |9 52662 | |
| 901 | |a Arxiu | ||
| 942 | |n 1 |2 udc | ||
| 952 | |0 0 |1 0 |4 0 |6 B1205 |7 1 |9 43929 |a Arxiu |b Arxiu |d 2016-12-01 |l 0 |o B-1-205 |p 12709 |r 2016-12-01 00:00:00 |w 2016-12-01 |y ARXIU | ||
| 999 | |c 46509 |d 46509 | ||